Catálogo

EN EL OMBLIGO DE HIERRO (Registro nro. 60568)

Detalles MARC
000 -LEADER
fixed length control field 00518nam a2200193 a 4500
001 - CONTROL NUMBER
control field 60568
005 - DATE AND TIME OF LATEST TRANSACTION
control field 20180714061858.0
008 - FIXED-LENGTH DATA ELEMENTS--GENERAL INFORMATION
fixed length control field 140415s2005 mx 000 0 spa d
020 ## - INTERNATIONAL STANDARD BOOK NUMBER
International Standard Book Number 9702406161
022 ## - INTERNATIONAL STANDARD SERIAL NUMBER
International Standard Serial Number PLAZAMAYOR
041 ## - LANGUAGE CODE
Language code of text/sound track or separate title spa
082 ## - DEWEY DECIMAL CLASSIFICATION NUMBER
Classification number 863
Item number TOR
100 1# - MAIN ENTRY--PERSONAL NAME
Personal name TORAL, ESPERANZA
245 10 - TITLE STATEMENT
Title EN EL OMBLIGO DE HIERRO
250 ## - EDITION STATEMENT
Edition statement 1a ed.
260 ## - PUBLICATION, DISTRIBUTION, ETC.
Place of publication, distribution, etc. MÉXICO :
Name of publisher, distributor, etc. GRUPO PATRIA CULTURAL, NUEVA IMAGEN,
Date of publication, distribution, etc. 2005,
300 ## - PHYSICAL DESCRIPTION
Extent 227
650 14 - SUBJECT ADDED ENTRY--TOPICAL TERM
Topical term or geographic name entry element NOVELA
General subdivision MXICO
-- LITERATURA MEXICANA
Existencias
Withdrawn status Lost status Source of classification or shelving scheme Damaged status Not for loan Collection code Home library Current library Shelving location Date acquired Source of acquisition Inventory number Total Checkouts Full call number Barcode Date last seen Date last checked out Price effective from Koha item type
    Dewey Decimal Classification     General Biblioteca Karol Wojtyla Biblioteca Karol Wojtyla Sala general 03/12/2013 Compra 151000000000000000035463   863 TOR 2005 91255 05/01/2026 10/10/2014 10/09/2014 Libro